| 000 | 01021cam a22003135i 4500 | ||
|---|---|---|---|
| 001 | 14529548 | ||
| 003 | EG-ScBUE | ||
| 005 | 20250812092938.0 | ||
| 008 | 060831t2006 gw a f b 001 0 eng d | ||
| 020 | _a9783527313723 | ||
| 020 | _a3527313729 | ||
| 040 |
_aEG-ScBUE _beng _erda _cEG-ScBUE _dEG-ScBUE |
||
| 082 | 0 | 4 |
_a543.84 _bMEY _222 |
| 100 | 1 |
_aMeyer, Veronika, _939132 _eauthor. |
|
| 245 | 1 | 0 |
_aPitfalls and errors of HPLC in pictures / _cVeronika R. Meyer. |
| 250 | _aSecond edition. | ||
| 250 | _aRevised and enlarged edition. | ||
| 264 | 1 |
_aWeinheim : _bWiley-VCH Verlag GmbH & Co. KGaA, _c[2006] |
|
| 264 | 4 | _cc2006 | |
| 300 |
_axi, 188 pages : _billustrations ; _c24 cm |
||
| 336 |
_2rdacontent _atext _btxt |
||
| 337 |
_2rdamedia _aunmediated _bn |
||
| 338 |
_2rdacarrier _avolume _bnc |
||
| 504 | _aIncludes bibliographical references and index. | ||
| 650 | 7 |
_aHigh performance liquid chromatography. _2BUEsh |
|
| 653 |
_bENGGEN _cJune2015 _cJanuary2016 |
||
| 655 | _vReading book | ||
| 942 |
_2ddc _cBB |
||
| 999 |
_c20059 _d20031 |
||